Statistics for Complete the Titles of Songs by Queen (1980s)

Click here to take the quiz!

General Stats

  • This quiz has been taken 131 times
  • The average score is 11 of 15

Answer Stats

Answer% Correct
Another One Bites The {Dust}
100%
Radio {GaGa}
95%
I Want to Break {Free}
93%
Who Wants To Live {Forever}
83%
Save {Me }
80%
Friends Will Be {Friends}
79%
It’s A Hard {Life}
77%
I Want It {All}
77%
The Invisible {Man}
77%
A Kind of {Magic}
76%
Play The {Game}
73%
Hammer To {Fall}
69%
One {Vision}
55%
Body {Language}
47%
Back {Chat}
38%

Score Distribution

Percentile by Number Answered

Percent of People with Each Score

Your Score History

You have not taken this quiz